Normal view
MARC view
Entry Personal Name
001 - CONTROL NUMBER
- control field: 9468
003 - CONTROL NUMBER IDENTIFIER
- control field: ARRUPE
005 - DATE AND TIME OF LATEST TRANSACTION
- control field: 20140326165631.0
008 - FIXED-LENGTH DATA ELEMENTS
- fixed length control field: 140326|| aca||aabn | a|a d
040 ## - CATALOGING SOURCE
- Original cataloging agency: ARRUPE
- Transcribing agency: ARRUPE
100 ## - HEADING--PERSONAL NAME
- Personal name: Young, Francis Brett,
- Dates associated with a name: 1884-1954.
670 ## - SOURCE DATA FOUND
- Source citation: Work cat.: (ARRUPE)0: Young, Francis Brett, 1884-1954., Marching on Tanga (with General Smuts in East Africa), [c1917]